Securing Information and Communications Systems : Principles, Technologies, and Applications
Na minha lista:
| Outros Autores: | , , , |
|---|---|
| Formato: | Livro |
| Idioma: | inglês |
| Publicado em: |
Norwood :
Artech House,
2008
|
| Assuntos: | |
| Tags: |
Sem tags, seja o primeiro a adicionar uma tag!
|
MARC
| LEADER | 00000nam a22000003a 4500 | ||
|---|---|---|---|
| 001 | stu201823 | ||
| 005 | 20150617230110.5 | ||
| 008 | 100330s2008----xxu-----------------eng-d | ||
| 040 | |a STU |b slo | ||
| 041 | 0 | |a eng | |
| 044 | |a xxu | ||
| 100 | 1 | |a Furnell, Steven M. |4 edt | |
| 245 | 1 | |a Securing Information and Communications Systems : |b Principles, Technologies, and Applications | |
| 260 | |a Norwood : |b Artech House, |c 2008 | ||
| 300 | |a 362 s | ||
| 650 | 7 | |a informačná bezpečnosť |2 stusub | |
| 650 | 7 | |a komunikačné systémy |2 stusub | |
| 700 | 1 | |a Katsikas, Sokratis K. |4 edt | |
| 700 | 1 | |a Lopez, Javier |4 edt | |
| 700 | 1 | |a Patel, Ahmed |4 edt | |
| 996 | |b 284IK06678 |c I*6B6146 |l II680 |s A |a 24 |w stu201823_0001 | ||